000 02250nam0a2200373 4500
001 RU\NLR\bibl\850096
005 20260407094143.0
010 _a5-93824-042-05
_bв пер.
_91000
021 _aRU
_b2005-23762
_91207
035 _a(nilc)RSL-KNO-002597492
035 _a(NLR Aleph) 000838849
090 _a1407542
_c1407542
100 _a20050504d2003 |||y0rusy50 ca
101 0 _arus
102 _aRU
105 _aa |||||||||
106 _ar
200 1 _aБиографический словарь
_eпроф. и преподаватели Перм. гос. пед. ун-та (1921-2003)
_fМ-во образования Рос. Федерации, Перм. гос. пед. ун-т
_g[сост.: Е. В. Батуева и др.
_gгл. ред. - д.ист.н., проф. И.С. Капцугович]
210 _aПермь
_cКнижный мир
_d2003
_gИПК Звезда
215 _a470, [1] с.
_cпортр.
_d24
601 0 2 _aПермский государственный педагогический университет
_jБиографические словари
_xПрофессора и преподаватели
_92251578
_3RU\NLR\auth\661350506
610 0 _aКультура. Наука. Просвещение -- Народное образование. Педагогические науки -- Высшее образование. Педагогика высшей школы -- История высшего образования и педагогики высшей школы -- Российская Федерация -- Пермская область -- Персоналии деятелей высшего образования -- Словарь
686 _aЧ483(2Р-4Пе)7-8я21
_2rubbk
686 _aЧ489.514(2)7я2
702 1 _aБатуева
_bЕ. В.
_4220
702 1 _aКапцугович
_bИ. С.
_f1931-
_gИгорь Севастьянович
_4340
712 0 2 _4570
_aПермский государственный педагогический университет
_9332556
_3RU\NLR\AUTH\889918215
801 0 _aRU
_bRuMoRKP
_c20050504
_grcr
801 1 _aRU
_bRuMoRGB
_c20050504
801 2 _aRU
_bNLR
_c20051007
_grcr
942 _cBOOK
980 _aNB
980 _aNBR